[Event "I Open A"]
[Site "Padova ITA"]
[Date "1998.12.20"]
[Round "9"]
[White "Efimov, Igor"]
[Black "Corvi, Marco"]
[Result "1-0"]
[WhiteElo "2530"]
[BlackElo "2305"]
[PlyCount "93"]
[EventDate "1998.12.11"]

1.d4 f5 2.Nf3 Nf6 3.c4 e6 4.g3 d5 5.Bg2 c6 6.O-O Bd6 7.b3 Qe7 8.a4 a5 9.
Ba3 Bxa3 10.Nxa3 O-O 11.Nc2 Nbd7 12.Qc1 Ne4 13.Nce1 Qb4 14.Qc2 Qd6 15.Nd3 
Nb8 16.c5 Qe7 17.b4 axb4 18.Rfb1 Na6 19.Nfe5 Nf6 20.Nxb4 Nxb4 21.Rxb4 Nd7 
22.Nxd7 Qxd7 23.Rab1 Qc7 24.f4 Ra7 25.Qb3 h6 26.Kf2 g6 27.Bf3 Kg7 28.h3 
Rh8 29.e3 h5 30.Rg1 Qe7 31.Be2 Kf8 32.h4 Kg7 33.Rb6 Kh6 34.Qb4 Qc7 35.Rb1 
Rd8 36.Ke1 Rg8 37.Kd2 Rd8 38.Kc3 Rg8 39.a5 Rd8 40.Rb3 Rg8 41.Ra3 Rd8 42.a6
bxa6 43.Bxa6 Bxa6 44.Raxa6 Rxa6 45.Rxa6 Rb8 46.Qa5 Qb7 47.Qb6 1-0

[Event "I Open A"]
[Site "Padova ITA"]
[Date "1998.12.20"]
[Round "9"]
[White "Genocchio, Daniele"]
[Black "Manca, Federico"]
[Result "1-0"]
[WhiteElo "2195"]
[BlackElo "2380"]
[PlyCount "53"]
[EventDate "1998.12.11"]

1.e4 d6 2.d4 Nf6 3.Nc3 g6 4.Be3 Bg7 5.f3 O-O 6.Qd2 e5 7.d5 c6 8.O-O-O cxd5
9.Nxd5 Nxd5 10.exd5 Nd7 11.Nh3 b5 12.Bh6 Rb8 13.Bxg7 Kxg7 14.Ng5 b4 15.h4 
Qa5 16.Bc4 h5 17.g4 Qc5 18.Bb3 Nf6 19.gxh5 Nxh5 20.Ne4 Qc7 21.Rdg1 Bf5 22.
Qg5 Kh7 23.Nf6+ Nxf6 24.h5 Nxh5 25.Rxh5+ Kg7 26.Qh6+ Kf6 27.Rxf5+ 1-0

[Event "I Open A"]
[Site "Padova ITA"]
[Date "1998.12.20"]
[Round "9"]
[White "Khenkin, Igor"]
[Black "Mrdja, Milan"]
[Result "1/2-1/2"]
[WhiteElo "2600"]
[BlackElo "2430"]
[PlyCount "102"]
[EventDate "1998.12.11"]

1.d4 Nf6 2.c4 g6 3.Nc3 Bg7 4.e4 d6 5.Nf3 O-O 6.Be2 Na6 7.O-O c6 8.Re1 Bg4 
9.Be3 Nd7 10.Qd2 c5 11.Rad1 Rc8 12.b3 Re8 13.h3 Bxf3 14.Bxf3 cxd4 15.Bxd4 
Bxd4 16.Qxd4 Nb4 17.Qd2 Nc6 18.Bg4 Nce5 19.Be2 Nc5 20.f4 Nc6 21.Bg4 Rb8 
22.Nd5 e6 23.Nc3 a6 24.Kh1 Qa5 25.f5 Rbd8 26.Rf1 Nd7 27.Rf3 Nce5 28.Rg3 
Nxg4 29.hxg4 Qe5 30.Qxd6 Qxd6 31.Rxd6 Ne5 32.Rb6 Rd7 33.g5 Ree7 34.f6 Re8 
35.Ne2 Rc8 36.Ng1 Rcc7 37.Nf3 Rd1+ 38.Kh2 Nd7 39.Rb4 Rd3 40.Rg4 Re3 41.e5 
h6 42.gxh6 Nxe5 43.Nxe5 Rxe5 44.Rd4 Kh7 45.Rd8 Kxh6 46.Rb8 Rd7 47.R4xb7 
Rd2 48.Rh8+ Kg5 49.Rh3 Kxf6 50.a4 g5 51.Rf3+ Kg6 1/2-1/2

[Event "I Open A"]
[Site "Padova ITA"]
[Date "1998.12.20"]
[Round "9"]
[White "Ljubisavljevic, Zivojin Z."]
[Black "De Bortoli, Peter"]
[Result "0-1"]
[WhiteElo "2290"]
[BlackElo "2215"]
[PlyCount "64"]
[EventDate "1998.12.11"]

1.d4 Nf6 2.c4 e6 3.Nf3 b6 4.g3 Bb7 5.Bg2 c5 6.dxc5 bxc5 7.O-O Be7 8.Nc3 
O-O 9.Bf4 d5 10.cxd5 exd5 11.Rc1 Nbd7 12.b3 Rc8 13.h3 Qa5 14.g4 Nb6 15.a4 
d4 16.Nb5 Rfd8 17.Ne5 Bxg2 18.Kxg2 Nbd5 19.Bd2 Qa6 20.Qc2 Qb7 21.f3 Qb8 
22.Nd3 a6 23.Na3 Bd6 24.Nc4 Nf4+ 25.Bxf4 Bxf4 26.Nxf4 Qxf4 27.Qd2 Nd5 28.
Rfd1 Re8 29.h4 Ne3+ 30.Nxe3 Rxe3 31.Qa5 Rce8 32.Qxa6 d3 0-1

[Event "I Open A"]
[Site "Padova ITA"]
[Date "1998.12.20"]
[Round "9"]
[White "Medancic, Rikard"]
[Black "Tomescu, Vlad"]
[Result "0-1"]
[WhiteElo "2330"]
[BlackElo "2425"]
[PlyCount "130"]
[EventDate "1998.12.11"]

1.d4 Nf6 2.c4 g6 3.Nc3 d5 4.Nf3 Bg7 5.Bf4 O-O 6.Rc1 dxc4 7.e3 Be6 8.Be2 c6
9.Ng5 Bd5 10.e4 h6 11.exd5 hxg5 12.dxc6 Nxc6 13.Bxg5 Nxd4 14.Bxc4 Rc8 15.
Bd3 Qa5 16.Bxf6 exf6 17.O-O f5 18.Qa4 Qxa4 19.Nxa4 Rfd8 20.Rxc8 Rxc8 21.
Rd1 Kf8 22.Kf1 a6 23.Nb6 Rc6 24.Nd5 Rd6 25.Nf4 Be5 26.Ne2 Nc6 27.Nc3 Bxc3 
28.bxc3 Ne5 29.Be2 Rc6 30.f4 Ng4 31.Bxg4 fxg4 32.Rd3 Rc4 33.g3 Ra4 34.Rd2 
Ra3 35.Ke2 Ke7 36.Kd3 Kd6 37.Rb2 b5 38.Kc2 Kc5 39.Kd3 a5 40.Re2 b4 41.Re5+
Kb6 42.Re7 Rxc3+ 43.Kd4 f5 44.a4 Rc7 45.Re8 Rc2 46.Rg8 Kb7 47.Rxg6 b3 48.
Rg7+ Rc7 49.Rxc7+ Kxc7 50.Kc3 Kd6 51.Kxb3 Kd5 52.Kc3 Kc5 53.Kd3 Kb4 54.Kd4
Kxa4 55.Ke5 Kb3 56.Kxf5 a4 57.Kxg4 a3 58.Kg5 a2 59.f5 a1=Q 60.f6 Kc4 61.
Kg6 Kd5 62.g4 Ke6 63.g5 Qb1+ 64.Kg7 Qb7+ 65.Kh6 Kf7 0-1

[Event "I Open A"]
[Site "Padova ITA"]
[Date "1998.12.20"]
[Round "9"]
[White "Popa, Florin"]
[Black "Bianchi, Andrea"]
[Result "1-0"]
[WhiteElo "2215"]
[BlackElo "2145"]
[PlyCount "107"]
[EventDate "1998.12.11"]

1.e4 e5 2.d4 exd4 3.Qxd4 Nc6 4.Qe3 Bb4+ 5.Bd2 Nge7 6.Nc3 O-O 7.O-O-O d6 8.
Qg3 f5 9.Bc4+ Kh8 10.f3 fxe4 11.fxe4 Ne5 12.Bb3 Bg4 13.Nge2 Bxc3 14.Bxc3 
Bxe2 15.Rd2 N7g6 16.Rxe2 Qh4 17.Qxh4 Nxh4 18.Bxe5 dxe5 19.Rd1 Rad8 20.Rxd8
Rxd8 21.Rf2 h6 22.g3 Ng6 23.Rf7 Rc8 24.h4 Rf8 25.Rxc7 Rf3 26.h5 Nf8 27.Bf7
g5 28.hxg6 Rxg3 29.Rxb7 Nxg6 30.Be6 h5 31.Rxa7 h4 32.b4 Nf4 33.Bf5 h3 34.
Rh7+ Kg8 35.b5 Rg2 36.Rxh3 Nxh3 37.Bxh3 Rg6 38.a4 Kf7 39.Kb2 Ke7 40.Bf5 
Rh6 41.Kb3 Kd8 42.a5 Kc7 43.Kb4 Rh2 44.c4 Rb2+ 45.Kc5 Kb7 46.Bd7 Ra2 47.
Bc6+ Ka7 48.a6 Rd2 49.Bd5 Rh2 50.Kd6 Rh5 51.c5 Rg5 52.Bb7 Rh5 53.b6+ Kb8 
54.Bd5 1-0

[Event "I Open A"]
[Site "Padova ITA"]
[Date "1998.12.20"]
[Round "9"]
[White "Quinn, Mark Peter"]
[Black "Ortega, Lexy"]
[Result "1/2-1/2"]
[WhiteElo "2350"]
[BlackElo "2490"]
[PlyCount "52"]
[EventDate "1998.12.11"]

1.c4 e6 2.g3 d5 3.Bg2 Nf6 4.Nf3 c6 5.Qc2 Be7 6.O-O O-O 7.d4 b6 8.b3 Nbd7 
9.Rd1 Ba6 10.Nbd2 b5 11.c5 b4 12.Re1 Bb5 13.e4 a5 14.e5 Ne8 15.Nf1 Nc7 16.
h4 Re8 17.N1h2 Qc8 18.Bf4 Qa6 19.Rad1 a4 20.Qd2 axb3 21.axb3 Qa3 22.Rb1 
Ba6 23.Qc2 Bb5 24.h5 Qa6 25.Re3 Qa2 26.Qd1 Nxc5 1/2-1/2

[Event "I Open A"]
[Site "Padova ITA"]
[Date "1998.12.20"]
[Round "9"]
[White "Rigo, Gianfrancesco"]
[Black "Danieli, Enrico"]
[Result "1-0"]
[WhiteElo "2015"]
[BlackElo "2070"]
[PlyCount "61"]
[EventDate "1998.12.11"]

1.e4 c6 2.d4 d5 3.Nc3 dxe4 4.Nxe4 Nf6 5.Ng5 Bf5 6.c3 e6 7.Bc4 c5 8.Qf3 Nc6
9.Nxf7 Qc7 10.Nxh8 Be4 11.Qh3 Bf5 12.Qf3 Be4 13.Qh3 Bf5 14.Qh4 O-O-O 15.
Bf4 Qb6 16.Nf3 Be7 17.Nf7 Ne4 18.Qh5 Nf6 19.Qg5 h6 20.Qxg7 Rg8 21.Qxh6 
Qxb2 22.O-O Qxc3 23.N3e5 Nxd4 24.Bg3 Ne4 25.Rac1 Qa3 26.Qe3 Qa5 27.Nd3 Rg7
28.Nde5 Nf6 29.Rfd1 Be4 30.Rxd4 cxd4 31.Bxe6+ 1-0

[Event "I Open A"]
[Site "Padova ITA"]
[Date "1998.12.20"]
[Round "9"]
[White "Rossato, Armando"]
[Black "Rossi, Carlo"]
[Result "0-1"]
[WhiteElo "1923"]
[BlackElo "2355"]
[PlyCount "78"]
[EventDate "1998.12.11"]

1.d4 d6 2.Nf3 Bg4 3.Nbd2 e6 4.c3 Nd7 5.Qb3 Rb8 6.e3 Ngf6 7.Bd3 Be7 8.a4 a6
9.O-O O-O 10.Qc2 Bh5 11.b4 Re8 12.Ng5 h6 13.Ngf3 Bf8 14.c4 e5 15.Bb2 Bxf3 
16.gxf3 d5 17.c5 exd4 18.Bxd4 Ne5 19.Be2 Nc6 20.Qc3 Nh5 21.f4 Nxf4 22.Bf3 
Ne6 23.Nb3 Ng5 24.Bg2 Ne4 25.Qb2 Nxb4 26.Rad1 Nc6 27.f3 Ng5 28.e4 dxe4 29.
fxe4 Qc8 30.Kh1 Qg4 31.Rd3 Nxe4 32.Rdf3 Ng5 33.Rg3 Qe2 34.Qc1 Rbd8 35.Be3 
Ne4 36.Rh3 Qg4 37.Rhf3 Qe6 38.Qc2 Qg6 39.Qc4 Ne5 0-1

[Event "I Open A"]
[Site "Padova ITA"]
[Date "1998.12.20"]
[Round "9"]
[White "Ruzzier, Dario"]
[Black "Bracaglia, Carlo"]
[Result "0-1"]
[WhiteElo "2090"]
[BlackElo "2135"]
[PlyCount "60"]
[EventDate "1998.12.11"]

1.d4 Nf6 2.c4 e6 3.Nc3 Bb4 4.e3 c5 5.Nf3 Nc6 6.Bd3 Bxc3+ 7.bxc3 d6 8.O-O 
e5 9.Ng5 h6 10.Ne4 O-O 11.f4 exd4 12.cxd4 Re8 13.Nf2 cxd4 14.exd4 d5 15.
Bb2 Nb4 16.a3 Nxd3 17.Qxd3 dxc4 18.Qxc4 Be6 19.Qd3 Bd5 20.Rae1 Qb6 21.Ba1 
Qc6 22.Qh3 Rxe1 23.Rxe1 Re8 24.Nd3 Rxe1+ 25.Nxe1 Qc1 26.Bc3 Qxf4 27.Nd3 
Qe4 28.Nc5 Qb1+ 29.Kf2 Qc2+ 30.Kg1 b6 0-1

[Event "XIX Festival A"]
[Site "Asti ITA"]
[Date "1998.12.05"]
[Round "1"]
[White "Barberi, Alessandro"]
[Black "Lazarev, Vladimir"]
[Result "0-1"]
[WhiteElo "2160"]
[BlackElo "2450"]
[PlyCount "56"]
[EventDate "1998.12.05"]

1.d4 Nf6 2.c4 c5 3.d5 b5 4.cxb5 a6 5.b6 Qxb6 6.Nc3 d6 7.Nf3 g6 8.Nd2 Bg7 
9.e4 O-O 10.Be2 Nbd7 11.Nc4 Qd8 12.Bf4 Nb6 13.Ne3 Ne8 14.g4 e6 15.Qd2 Bb7 
16.O-O exd5 17.Nexd5 Nxd5 18.Nxd5 Bxd5 19.Qxd5 Rb8 20.Rab1 Rb4 21.Rfd1 Qc8
22.b3 Nf6 23.Qxd6 Nxe4 24.Qxa6 Nc3 25.Bd6 Re4 26.Qxc8 Nxe2+ 27.Kh1 Rxc8 
28.f3 Re6 0-1

[Event "XIX Festival A"]
[Site "Asti ITA"]
[Date "1998.12.05"]
[Round "1"]
[White "Borgo, Giulio"]
[Black "Malano, Francesco"]
[Result "1-0"]
[WhiteElo "2445"]
[BlackElo "2050"]
[PlyCount "90"]
[EventDate "1998.12.05"]

1.e4 c5 2.Nf3 Nc6 3.Bb5 d6 4.O-O Bd7 5.c3 Nf6 6.Re1 a6 7.Ba4 b5 8.Bc2 e5 
9.h3 g6 10.d4 Bg7 11.a4 O-O 12.axb5 axb5 13.Rxa8 Qxa8 14.dxc5 dxc5 15.Qd6 
Re8 16.Qxc5 Bf8 17.Qe3 Nh5 18.Bb3 Nf4 19.Ng5 Nd8 20.Qg3 Nh5 21.Qd3 Bc6 22.
Bd5 h6 23.Nf3 Nf6 24.Bxc6 Qxc6 25.Nxe5 Rxe5 26.Qxd8 Re8 27.Qd3 Rxe4 28.
Rxe4 Qxe4 29.Qxe4 Nxe4 30.Be3 f5 31.Kf1 Kf7 32.Ke2 Ke6 33.f3 Nd6 34.Kd3 
Kd5 35.b3 Bg7 36.Nd2 h5 37.Bf4 Nb7 38.Be3 Na5 39.Bb6 Nc6 40.f4 Ne7 41.Nf3 
Nc8 42.c4+ bxc4+ 43.bxc4+ Kc6 44.Bd4 Bxd4 45.Kxd4 Ne7 1-0

[Event "XIX Festival A"]
[Site "Asti ITA"]
[Date "1998.12.05"]
[Round "1"]
[White "Castaldo, Folco"]
[Black "Naumkin, Igor"]
[Result "0-1"]
[WhiteElo "2180"]
[BlackElo "2475"]
[PlyCount "68"]
[EventDate "1998.12.05"]

1.e4 e5 2.Nf3 Nc6 3.Bb5 a6 4.Bxc6 dxc6 5.O-O Qd6 6.Na3 b5 7.Qe2 Ne7 8.c3 
c5 9.Rd1 Nc6 10.Nc2 Bg4 11.h3 Bxf3 12.Qxf3 Rd8 13.d4 cxd4 14.cxd4 Nxd4 15.
Nxd4 exd4 16.Bf4 Qd7 17.Qg3 c5 18.Rac1 Qe6 19.Bg5 f6 20.Bd2 Kf7 21.Ba5 Rd7
22.Qb8 Rg8 23.Qb6 Be7 24.a3 Rc8 25.b4 Rc6 26.Qb8 c4 27.Qh8 Qxe4 28.Re1 Qf5
29.g4 Qd5 30.Qxh7 d3 31.Rcd1 d2 32.Rxd2 Qxd2 33.Qh5+ Kg8 34.Qe8+ Bf8 0-1

[Event "XIX Festival A"]
[Site "Asti ITA"]
[Date "1998.12.05"]
[Round "1"]
[White "Cebalo, Miso"]
[Black "Faraoni, Enrico"]
[Result "1-0"]
[WhiteElo "2535"]
[BlackElo "2190"]
[PlyCount "63"]
[EventDate "1998.12.05"]

1.d4 Nf6 2.Nf3 g6 3.c4 Bg7 4.Nc3 O-O 5.e4 d6 6.Be2 e5 7.O-O Nc6 8.Be3 Ng4 
9.Bg5 f6 10.Bc1 Kh8 11.h3 Nh6 12.dxe5 fxe5 13.Be3 Nf7 14.Qd2 Be6 15.Nd5 
Qd7 16.b4 Rae8 17.Rac1 g5 18.b5 Ncd8 19.Nxg5 Nxg5 20.Bxg5 c6 21.Ne3 Nf7 
22.Bh4 Bh6 23.Qc3 Bg5 24.Bg3 Rg8 25.Kh2 Rg7 26.Rcd1 Reg8 27.bxc6 bxc6 28.
c5 Bf4 29.Bxf4 exf4 30.Ng4 Qe7 31.cxd6 Qh4 32.g3 1-0

[Event "XIX Festival A"]
[Site "Asti ITA"]
[Date "1998.12.05"]
[Round "1"]
[White "Cugini, Verter"]
[Black "Quagliana, Giuseppe"]
[Result "1-0"]
[WhiteElo "2190"]
[BlackElo "1890"]
[PlyCount "65"]
[EventDate "1998.12.05"]

1.e4 e6 2.d4 d5 3.Nd2 Nf6 4.e5 Nfd7 5.Bd3 c5 6.c3 Nc6 7.Ne2 cxd4 8.cxd4 f6
9.Nf4 fxe5 10.Nxe6 Qf6 11.Nc7+ Kd8 12.Nxa8 e4 13.Bb5 Nxd4 14.Bxd7 Bxd7 15.
O-O Bb5 16.Nb3 Ne2+ 17.Kh1 Bd3 18.Qd2 Nxc1 19.Rfxc1 Bd6 20.Qa5+ Ke7 21.
Rc7+ Bxc7 22.Nxc7 Qxf2 23.Nxd5+ Kd6 24.Nc3 Rf8 25.h3 Rf5 26.Qd8+ Ke5 27.
Qe7+ Kf4 28.Qc7+ Kg5 29.Qxg7+ Kh5 30.Qxh7+ Kg5 31.Qg7+ Kf4 32.Rg1 Bf1 33.
g3+ 1-0

[Event "XIX Festival A"]
[Site "Asti ITA"]
[Date "1998.12.05"]
[Round "1"]
[White "Dubois, Martine"]
[Black "Arlandi, Ennio"]
[Result "0-1"]
[WhiteElo "2045"]
[BlackElo "2440"]
[PlyCount "66"]
[EventDate "1998.12.05"]

1.e4 c5 2.c3 d5 3.exd5 Qxd5 4.d4 Nf6 5.Nf3 e6 6.Be2 Nc6 7.O-O cxd4 8.cxd4 
Be7 9.Nc3 Qd6 10.Nb5 Qd8 11.Ne5 Bd7 12.Be3 O-O 13.a4 Nd5 14.Bf3 Nxe3 15.
fxe3 Nxe5 16.dxe5 Bc5 17.Nd6 Bxe3+ 18.Kh1 Bf4 19.Bxb7 Qh4 20.Rxf4 Qxf4 21.
Bxa8 Rxa8 22.Rc1 Bxa4 23.Qe1 Bb3 24.Rc7 f6 25.exf6 Qxd6 26.Rxg7+ Kh8 27.
Rxh7+ Kxh7 28.Qe4+ Kh6 29.Qh4+ Kg6 30.Qg4+ Kxf6 31.Qf3+ Ke7 32.Qb7+ Qd7 
33.Qb4+ Ke8 0-1

[Event "XIX Festival A"]
[Site "Asti ITA"]
[Date "1998.12.05"]
[Round "1"]
[White "Flear, Glenn Curtis"]
[Black "Ranieri, Fabrizio"]
[Result "1-0"]
[WhiteElo "2450"]
[BlackElo "2165"]
[PlyCount "66"]
[EventDate "1998.12.05"]

1.d4 e6 2.c4 d5 3.Nf3 c6 4.e3 Nf6 5.Bd3 Nbd7 6.O-O Bd6 7.Nbd2 O-O 8.e4 
dxe4 9.Nxe4 Nxe4 10.Bxe4 Nf6 11.Bc2 b6 12.Qd3 Be7 13.Bg5 g6 14.Rad1 Ba6 
15.Ne5 Bb7 16.Qf3 Kg7 17.Ba4 Nd7 18.Bxe7 Qxe7 19.Nxc6 Qe8 20.Qa3 Nc5 21.
dxc5 Bxc6 22.Bc2 Bb7 23.Rd6 Qe7 24.c6 Ba6 25.Rfd1 Bc8 26.Be4 Qc7 27.Qc3+ 
Kg8 28.b4 a5 29.b5 Qe7 30.Qd4 Qc7 31.Qf6 e5 32.Qxe5 Bg4 33.f3 Rae8 1-0

[Event "XIX Festival A"]
[Site "Asti ITA"]
[Date "1998.12.05"]
[Round "1"]
[White "Pepino, Enrico"]
[Black "Cantore, Alberto"]
[Result "0-1"]
[WhiteElo "1903"]
[BlackElo "2195"]
[PlyCount "98"]
[EventDate "1998.12.05"]

1.e4 e5 2.Nf3 Nc6 3.d4 exd4 4.Nxd4 Nf6 5.Nc3 Bc5 6.Be3 Bb6 7.Be2 d6 8.O-O 
h6 9.f4 O-O 10.Kh1 Re8 11.Bf3 Ng4 12.Nxc6 Qh4 13.Bxg4 Bxg4 14.Qe1 Qxe1 15.
Rfxe1 bxc6 16.h3 Bd7 17.Rad1 Rad8 18.a3 Bc8 19.b4 Ba6 20.Bxb6 axb6 21.a4 
Bc4 22.Rd4 d5 23.e5 c5 24.bxc5 bxc5 25.Rd2 c6 26.Red1 Ra8 27.Ra1 f6 28.Re1
fxe5 29.fxe5 Ra7 30.Nd1 Rae7 31.Nb2 Ba6 32.Nd3 c4 33.Nc5 c3 34.Rf2 Bc4 35.
e6 d4 36.Rf4 Rd8 37.Rf5 Bd5 38.Kg1 Ra8 39.Rf2 Ra5 40.Nd7 Rxa4 41.Rf8+ Kh7 
42.Rd8 Kg6 43.Nf8+ Kg5 44.g4 Ra2 45.Rxd5+ cxd5 46.Kh2 Rxc2+ 47.Kg3 Re8 48.
Rf1 Rxf8 49.Rxf8 Re2 0-1

[Event "XIX Festival A"]
[Site "Asti ITA"]
[Date "1998.12.05"]
[Round "1"]
[White "Sulava, Nenad"]
[Black "Frank, Albert"]
[Result "1-0"]
[WhiteElo "2380"]
[BlackElo "2020"]
[PlyCount "83"]
[EventDate "1998.12.05"]

1.Nf3 b6 2.g3 Bb7 3.Bg2 g6 4.O-O Bg7 5.c4 e6 6.Nc3 Ne7 7.b4 a5 8.b5 d6 9.
d4 Nd7 10.Ba3 O-O 11.Rc1 Re8 12.Qb3 Rb8 13.Rfd1 Qc8 14.e3 Bf8 15.h4 Nf5 
16.e4 Ng7 17.Qc2 Be7 18.Ng5 h6 19.Nh3 e5 20.Nd5 exd4 21.Nxe7+ Rxe7 22.Rxd4
Ne6 23.Rdd1 Nec5 24.f3 Ne5 25.Nf2 Qe8 26.Bb2 Rd8 27.f4 Ned7 28.Re1 h5 29.
Re3 d5 30.cxd5 Bxd5 31.a4 f6 32.Rce1 Bb7 33.g4 Kh7 34.gxh5 gxh5 35.e5+ Qg6
36.Qxg6+ Kxg6 37.Bh3 Nxa4 38.Ba1 fxe5 39.fxe5 Nac5 40.e6 Nf8 41.Rg3+ Kh6 
42.Bf6 1-0

[Event "XIX Festival A"]
[Site "Asti ITA"]
[Date "1998.12.05"]
[Round "1"]
[White "Trabert, Bettina"]
[Black "Cavatorta, Fosco"]
[Result "1-0"]
[WhiteElo "2225"]
[BlackElo "1923"]
[PlyCount "81"]
[EventDate "1998.12.05"]

1.e4 Nc6 2.Nf3 d6 3.d4 Nf6 4.Nbd2 Bg4 5.c3 e6 6.Bd3 Be7 7.O-O O-O 8.Re1 a6
9.a4 Rb8 10.b4 Ra8 11.Nf1 h6 12.Ng3 d5 13.e5 Nh5 14.h3 Bxf3 15.Qxf3 Nxg3 
16.Qxg3 Bg5 17.Bxg5 Qxg5 18.Qxg5 hxg5 19.Re3 Kh8 20.Rae1 Rae8 21.Rg3 f6 
22.exf6 gxf6 23.Rge3 e5 24.b5 axb5 25.axb5 Nb8 26.dxe5 Nd7 27.exf6 Rxe3 
28.Rxe3 Nc5 29.Bc2 c6 30.bxc6 bxc6 31.Re5 Rxf6 32.Rxg5 Ne6 33.Rg6 Rxg6 34.
Bxg6 Nf4 35.Be8 c5 36.Kf1 Kg7 37.g3 Nxh3 38.f4 d4 39.cxd4 cxd4 40.Kg2 
Nxf4+ 41.gxf4 1-0

[Event "XIX Festival A"]
[Site "Asti ITA"]
[Date "1998.12.05"]
[Round "1"]
[White "Venturino, Marco"]
[Black "Zak, Uriel"]
[Result "0-1"]
[WhiteElo "2146"]
[BlackElo "2355"]
[PlyCount "80"]
[EventDate "1998.12.05"]

1.c4 e6 2.Nc3 d5 3.d4 c6 4.cxd5 exd5 5.Qc2 g6 6.Bf4 Bf5 7.Qb3 Qb6 8.e3 Na6
9.Qxb6 axb6 10.Kd2 Nf6 11.Be5 Be7 12.Bd3 Bxd3 13.Kxd3 O-O 14.Nf3 Ne4 15.
Ke2 Nb4 16.Nxe4 dxe4 17.Nd2 f5 18.g4 Nd3 19.Bc7 Nxb2 20.gxf5 gxf5 21.Rhg1+
Kf7 22.Rgb1 Na4 23.Rb3 b5 24.f3 b4 25.Nc4 Nc3+ 26.Kf2 Rxa2+ 27.Rxa2 Nxa2 
28.Nd6+ Ke6 29.Nxb7 Nc1 30.Rb1 Nd3+ 31.Ke2 Rg8 32.fxe4 fxe4 33.Na5 Rg2+ 
34.Kf1 Rf2+ 35.Kg1 Rc2 36.Nb3 Bg5 37.Bf4 Bxf4 38.exf4 e3 39.Nc5+ Nxc5 40.
dxc5 Kf5 0-1

[Event "XIX Festival A"]
[Site "Asti ITA"]
[Date "1998.12.06"]
[Round "2"]
[White "Arlandi, Ennio"]
[Black "Cebalo, Miso"]
[Result "0-1"]
[WhiteElo "2440"]
[BlackElo "2535"]
[PlyCount "74"]
[EventDate "1998.12.05"]

1.d4 Nf6 2.c4 g6 3.Nc3 Bg7 4.e4 d6 5.f3 O-O 6.Be3 Nbd7 7.Qd2 c5 8.d5 a6 9.
Nh3 Ne5 10.Nf2 e6 11.a4 exd5 12.cxd5 Qa5 13.Ra3 Bd7 14.Be2 Qb4 15.a5 b6 
16.axb6 Rfb8 17.Na4 a5 18.Nc3 Rxb6 19.Nfd1 Nc4 20.Bxc4 Qxc4 21.Kf2 Ne8 22.
g4 Nc7 23.h4 Nb5 24.Nxb5 Rxb5 25.Nc3 Rb4 26.Rc1 Rab8 27.Rc2 Qa6 28.Ra2 a4 
29.Qe2 Qa5 30.Bc1 Qd8 31.g5 f5 32.exf5 Bxf5 33.Ne4 Bxe4 34.fxe4 Qd7 35.Ra3
Rb3 36.Rxb3 axb3 37.Rc4 Qh3 0-1

[Event "XIX Festival A"]
[Site "Asti ITA"]
[Date "1998.12.06"]
[Round "2"]
[White "Cantore, Alberto"]
[Black "Borgo, Giulio"]
[Result "0-1"]
[WhiteElo "2195"]
[BlackElo "2445"]
[PlyCount "78"]
[EventDate "1998.12.05"]

1.c4 c5 2.Nf3 Nf6 3.g3 b6 4.Bg2 Bb7 5.O-O g6 6.Nc3 Bg7 7.d4 cxd4 8.Qxd4 
Nc6 9.Qh4 h6 10.Ne4 Nxe4 11.Qxe4 Rc8 12.Qf4 O-O 13.Bd2 d5 14.cxd5 Qxd5 15.
Bc3 Bxc3 16.bxc3 Kg7 17.Nd4 Nxd4 18.Qxd4+ Qxd4 19.cxd4 Bxg2 20.Kxg2 Rc2 
21.e3 Rfc8 22.a4 R8c3 23.Kf3 f5 24.h4 Kf6 25.a5 b5 26.a6 b4 27.Rfb1 Ra3 
28.Rxa3 bxa3 29.Rb3 a2 30.Ra3 g5 31.hxg5+ hxg5 32.g4 fxg4+ 33.Kxg4 Rxf2 
34.Ra5 Ke6 35.Kg3 Rb2 36.d5+ Ke5 37.Kg4 Rg2+ 38.Kf3 Rd2 39.Kg4 Ke4 0-1

[Event "XIX Festival A"]
[Site "Asti ITA"]
[Date "1998.12.06"]
[Round "2"]
[White "Cavatorta, Fosco"]
[Black "Barberi, Alessandro"]
[Result "0-1"]
[WhiteElo "1923"]
[BlackElo "2160"]
[PlyCount "90"]
[EventDate "1998.12.05"]

1.d4 Nf6 2.Nf3 g6 3.Bf4 Bg7 4.e3 d6 5.h3 O-O 6.Be2 c5 7.c3 a6 8.a4 b6 9.
O-O Bb7 10.Nbd2 Nbd7 11.Qb3 Qc7 12.Bh2 h6 13.Rfd1 Bd5 14.Bc4 Bxc4 15.Nxc4 
Qc6 16.Nh4 Qe4 17.Nf3 Rab8 18.Nfd2 Qe6 19.Qc2 b5 20.Na5 Rfc8 21.axb5 axb5 
22.dxc5 Nxc5 23.Nab3 b4 24.Nd4 Qd7 25.c4 Ne8 26.b3 e5 27.Nb5 f5 28.Ra7 Rb7
29.Rda1 e4 30.Rxb7 Nxb7 31.Ra7 Qxb5 32.Qxe4 fxe4 33.cxb5 Rc1+ 34.Nf1 Rc7 
35.b6 Rd7 36.Nd2 d5 37.Bc7 Nc5 38.Bf4 Rb7 39.Ra8 Kf7 40.Rc8 Ne6 41.Rb8 
Rxb8 42.Bxb8 Bc3 43.Nb1 Nc5 44.Kf1 Ke6 45.Ke2 Be5 0-1

[Event "XIX Festival A"]
[Site "Asti ITA"]
[Date "1998.12.06"]
[Round "2"]
[White "Faraoni, Enrico"]
[Black "Cugini, Verter"]
[Result "1-0"]
[WhiteElo "2190"]
[BlackElo "2190"]
[PlyCount "43"]
[EventDate "1998.12.05"]

1.e4 e6 2.c4 d5 3.exd5 exd5 4.d4 Nf6 5.Nc3 c6 6.Bd3 dxc4 7.Bxc4 Be7 8.Nge2
O-O 9.O-O Nbd7 10.Re1 Nb6 11.Bb3 Bg4 12.f3 Bd7 13.Qd3 Nbd5 14.Bg5 Re8 15.
Ng3 Nxc3 16.bxc3 h6 17.Bxh6 gxh6 18.Qg6+ Kh8 19.Qxh6+ Nh7 20.Bc2 f5 21.
Nxf5 Bf8 22.Ng7 1-0

[Event "XIX Festival A"]
[Site "Asti ITA"]
[Date "1998.12.06"]
[Round "2"]
[White "Frank, Albert"]
[Black "Castaldo, Folco"]
[Result "1/2-1/2"]
[WhiteElo "2020"]
[BlackElo "2180"]
[PlyCount "122"]
[EventDate "1998.12.05"]

1.e4 e6 2.d4 d5 3.exd5 exd5 4.Bd3 Nf6 5.Bg5 Be7 6.Nd2 O-O 7.Ngf3 Nbd7 8.
O-O c5 9.Re1 c4 10.Bf5 Re8 11.c3 Nf8 12.Qc2 g6 13.Bxc8 Rxc8 14.Qa4 a6 15.
h3 Ne6 16.Bh6 Qd6 17.Ne5 Nh5 18.Ndf3 f6 19.Ng4 Nhf4 20.Re3 Nd3 21.b4 Ng7 
22.Bxg7 Kxg7 23.Ne1 Nf4 24.Rb1 h5 25.Nh2 b5 26.Qd1 Bf8 27.Qf3 Rxe3 28.fxe3
Ne6 29.h4 f5 30.Nf1 Nc7 31.Qf4 Qf6 32.Nf3 Bd6 33.Qg5 Ne6 34.Qxf6+ Kxf6 35.
g3 Nf8 36.a4 bxa4 37.Ra1 Rc6 38.Rxa4 Bc7 39.Kf2 Nh7 40.N1d2 Ke6 41.Ra1 Nf6
42.Ng5+ Ke7 43.Kf3 Ng4 44.Nh3 Re6 45.Nf1 Kd7 46.Ng5 Rc6 47.Ra2 Kc8 48.Nh7 
Kb7 49.Nh2 Nf6 50.Nxf6 Rxf6 51.Kf2 Re6 52.Nf3 Re4 53.Nd2 Rg4 54.Nf1 Kb6 
55.Ra5 Kc6 56.Rxa6+ Bb6 57.Ra8 Bc7 58.Rg8 Kb5 59.Rg7 Bd6 60.Rd7 Kc6 61.Rg7
Kb5 1/2-1/2

[Event "XIX Festival A"]
[Site "Asti ITA"]
[Date "1998.12.06"]
[Round "2"]
[White "Lazarev, Vladimir"]
[Black "Trabert, Bettina"]
[Result "1/2-1/2"]
[WhiteElo "2450"]
[BlackElo "2225"]
[PlyCount "43"]
[EventDate "1998.12.05"]

1.d4 d5 2.c4 e6 3.Nf3 c6 4.Qc2 Nf6 5.Bg5 Be7 6.e3 Nbd7 7.Nc3 O-O 8.cxd5 
Nxd5 9.Bxe7 Qxe7 10.a3 N5f6 11.Bc4 c5 12.Rd1 a6 13.Ba2 b5 14.dxc5 Qxc5 15.
Bb1 g6 16.O-O Bb7 17.Qe2 Rfd8 18.Nd2 Qe7 19.Nb3 Rac8 20.Rd2 Nb6 21.Rxd8+ 
Rxd8 22.Rd1 1/2-1/2

[Event "XIX Festival A"]
[Site "Asti ITA"]
[Date "1998.12.06"]
[Round "2"]
[White "Malano, Francesco"]
[Black "Pepino, Enrico"]
[Result "0-1"]
[WhiteElo "2050"]
[BlackElo "1903"]
[PlyCount "30"]
[EventDate "1998.12.05"]

1.Nf3 Nf6 2.g3 g6 3.Bg2 Bg7 4.O-O O-O 5.d3 d6 6.e4 e5 7.Nc3 Nc6 8.Re1 h6 
9.h3 Nh7 10.Be3 Ng5 11.Qd2 Nxf3+ 12.Bxf3 Bxh3 13.Bxh6 Qf6 14.Kh2 Qxf3 15.
Kxh3 Qh5+ 0-1

[Event "XIX Festival A"]
[Site "Asti ITA"]
[Date "1998.12.06"]
[Round "2"]
[White "Naumkin, Igor"]
[Black "Sulava, Nenad"]
[Result "1/2-1/2"]
[WhiteElo "2475"]
[BlackElo "2380"]
[PlyCount "33"]
[EventDate "1998.12.05"]

1.e4 e6 2.d4 d5 3.Nc3 dxe4 4.Nxe4 Bd7 5.Nf3 Bc6 6.Bd3 Nd7 7.O-O Be7 8.Qe2 
Ngf6 9.Ng3 O-O 10.c3 a6 11.Rd1 Bxf3 12.Qxf3 c6 13.Bf4 Nd5 14.Bd2 b5 15.a3 
N7f6 16.Re1 Qc7 17.Rad1 1/2-1/2

[Event "XIX Festival A"]
[Site "Asti ITA"]
[Date "1998.12.06"]
[Round "2"]
[White "Quagliana, Giuseppe"]
[Black "Dubois, Martine"]
[Result "1/2-1/2"]
[WhiteElo "1890"]
[BlackElo "2045"]
[PlyCount "99"]
[EventDate "1998.12.05"]

1.d4 Nf6 2.c4 g6 3.Nc3 d5 4.Nf3 Bg7 5.Bg5 Ne4 6.cxd5 Nxg5 7.Nxg5 e6 8.Nf3 
exd5 9.b4 O-O 10.e3 Re8 11.Be2 c6 12.O-O Bf5 13.Qb3 Nd7 14.a4 Bf8 15.Rfc1 
Nf6 16.b5 Qd6 17.Nd1 Rab8 18.Nb2 Ne4 19.Nd3 Bh6 20.Qa3 Qf6 21.Qa2 g5 22.
Nfe5 Rec8 23.bxc6 bxc6 24.Bh5 Rb7 25.Nc5 Nxc5 26.Rxc5 Bf8 27.Rc3 Bd6 28.
Ng4 Bxg4 29.Bxg4 Rcb8 30.Qc2 c5 31.Qf5 Qxf5 32.Bxf5 cxd4 33.exd4 Rb4 34.
Rh3 Rxd4 35.Bxh7+ Kg7 36.Bf5 Rbb4 37.Bd7 Bf4 38.g4 Be5 39.Re1 Bf6 40.Bf5 
Rb8 41.Rh7+ Kg8 42.Rh6 Kg7 43.Rh7+ Kf8 44.Rh6 Rb6 45.a5 Rd6 46.h4 gxh4 47.
g5 Be7 48.Rh8+ Kg7 49.Rh7+ Kf8 50.Rh8+ 1/2-1/2

[Event "XIX Festival A"]
[Site "Asti ITA"]
[Date "1998.12.06"]
[Round "2"]
[White "Ranieri, Fabrizio"]
[Black "Venturino, Marco"]
[Result "1/2-1/2"]
[WhiteElo "2165"]
[BlackElo "2146"]
[PlyCount "42"]
[EventDate "1998.12.05"]

1.e4 c5 2.Nf3 Nc6 3.d4 cxd4 4.Nxd4 Nf6 5.Nc3 e5 6.Ndb5 d6 7.Bg5 a6 8.Na3 
b5 9.Nd5 Be7 10.Bxf6 Bxf6 11.c3 O-O 12.Nc2 Bg5 13.a4 bxa4 14.Rxa4 Rb8 15.
b4 a5 16.Bc4 Bd7 17.Ra3 Be6 18.O-O axb4 19.Ncxb4 Nxb4 20.cxb4 Bxd5 21.Bxd5
Rxb4 1/2-1/2